LEADER 01031nam0-2200373---450- 001 990000845500203316 005 20050404133603.0 035 $a0084550 035 $aUSA010084550 035 $a(ALEPH)000084550USA01 035 $a0084550 100 $a20020107d1973----||ita|01 ba 101 $aita 102 $aIT 105 $a|||| ||||| 200 1 $a<> sistemi di parentela$fFrancesco Remotti 210 $aTorino$cLoescher$d1973 215 $a321 p$d19 cm 225 $aScienze sociali$v5 410 1$12001$aScienze sociali$v5 606 0 $aParentela 676 $a306.83 702 1$aREMOTTI,$bFrancesco 801 0$aIT$bsalbc$gISBD 912 $a990000845500203316 951 $aIII.2. 344(III D COLL. 14/5)$b116699 LM$cIII D COLL. 959 $aBK 969 $aUMA 979 $aPATTY$b90$c20020107$lUSA01$h1015 979 $c20020403$lUSA01$h1730 979 $aPATRY$b90$c20040406$lUSA01$h1658 979 $aCOPAT3$b90$c20050404$lUSA01$h1336 996 $aSistemi di parentela$9968159 997 $aUNISA LEADER 00900nam0-22002771i-450 001 990005551360403321 005 20230118090725.0 035 $a000555136 035 $aFED01000555136 035 $a(Aleph)000555136FED01 035 $a000555136 100 $a19990530d1979----km-y0itay50------ba 101 0 $aita 105 $af-------00--- 200 1 $a<>officina lapidaria sulla via Appia$eStudio archeologico sull'epigrafia sepolcrale d'eta giulio-claudia in Roma$fDaniele Manacorda 210 $aRoma$cL'Erma di Bretschneider$d1979 215 $a119 p., 36 tav. di cui 1 rip.$d25 cm 225 1 $aStudia archaeologica$v26 700 1$aManacorda,$bDaniele$040016 801 0$aIT$bUNINA$gRICA$2UNIMARC 901 $aBK 912 $a990005551360403321 952 $aARCH. E 097 8$bARCH. 18541$fFLFBC 959 $aFLFBC 996 $aOfficina lapidaria sulla via Appia$9301086 997 $aUNINA